[Event "Santa Rosa Villarreal Memorial 29th"]
[Site "Santa Rosa"]
[Date "2023.12.09"]
[Round "3"]
[White "Lucero, Marzo Daniel"]
[Black "Alfonso, Sebastian"]
[Result "1-0"]
[WhiteElo "1922"]
[BlackElo "1458"]
[PlyCount "55"]
[EventDate "2023.12.08"]
[EventType "swiss"]
[EventRounds "7"]
[EventCountry "ARG"]
[SourceTitle "CB51_2023"]
[SourceDate "2023.12.20"]
[SourceVersion "1"]
[SourceVersionDate "2023.12.20"]
[SourceQuality "1"]

1. e4 e6 2. d4 d5 3. Nc3 Bb4 4. e5 Ne7 5. Qg4 Nf5 6. Bd3 g6 7. Bg5 Ne7 8. Bf6 Rg8 9. Qh4 h5 10. a3 Bxc3+ 11. bxc3 c5 12. Nf3 a6 13. h3 Nbc6 14. Bg5 Qa5 15. Bd2 c4 16. Be2 Nf5 17. Qf4 Rh8 18. Rg1 b5 19. Ng5 Ra7 20. g4 Ng7 21. Qf6 Rg8 22. Nh7 hxg4 23. hxg4 Qd8 24. Bh6 Qa5 25. Bd2 Nd8 26. Qh4 Rf8 27. Nxf8 Kxf8 28. Qh8+ 1-0

[Event "Santa Rosa Villarreal Memorial 29th"]
[Site "Santa Rosa"]
[Date "2023.12.08"]
[Round "1"]
[White "Llanos, Joaquin"]
[Black "Alfonso, Sebastian"]
[Result "1-0"]
[WhiteElo "1979"]
[BlackElo "1458"]
[PlyCount "45"]
[EventDate "2023.12.08"]
[EventType "swiss"]
[EventRounds "7"]
[EventCountry "ARG"]
[SourceTitle "CB51_2023"]
[SourceDate "2023.12.20"]
[SourceVersion "1"]
[SourceVersionDate "2023.12.20"]
[SourceQuality "1"]

1. e4 c5 2. Nc3 d6 3. f4 Nc6 4. Nf3 e6 5. Bc4 a6 6. a4 Nf6 7. 0-0 d5 8. exd5 exd5 9. Re1+ Be7 10. Bf1 0-0 11. Ne5 Nd4 12. d3 Be6 13. Ne2 Nc6 14. Ng3 d4 15. Nxc6 bxc6 16. f5 Bc8 17. Qf3 Qd5 18. Rxe7 Qxf3 19. gxf3 h5 20. Bg5 Nd5 21. Re4 f6 22. Bd2 h4 23. Rxh4 1-0